[Event "FRA-ch Youth U18 2018"]
[Site "Agen"]
[Date "2018.04.18"]
[Round "5"]
[White "El Barbry, Sarah"]
[Black "Milroy, Melena"]
[Result "1/2-1/2"]
[WhiteElo "1750"]
[BlackElo "1718"]
[Annotator "NA"]
[PlyCount "93"]
[EventDate "2018.??.??"]
[EventType "swiss"]
[EventCountry "FRA"]
[SourceTitle "playchess.com"]
[Source "ChessBase"]
[SourceQuality "1"]
[TimeControl "5400+30"]

1. e4 {[%emt 0:01:42]} d5 {[%emt 0:00:04]} 2. exd5 {[%emt 0:00:04]} Qxd5 {[%emt 0:00:05]} 3. Nf3 {[%emt 0:00:02]} Nc6 {[%emt 0:02:46]} 4. Be2 {[%emt 0:17:20]} Bg4 {[%emt 0:03:06]} 5. O-O {[%emt 0:00:19]} O-O-O {[%emt 0:00:12]} 6. h3 {[%emt 0:00:04]} Bh5 {[%emt 0:14:19]} 7. Nc3 {[%emt 0:01:39]} Qd7 {[%emt 0:00:48]} 8. b4 {[%emt 0:08:57]} f6 {[%emt 0:09:34]} 9. Rb1 {[%emt 0:05:22]} g5 {[%emt 0:05:19]} 10. b5 {[%emt 0:07:36]} Na5 {[%emt 0:08:41]} 11. Nh2 {[%emt 0:00:53]} Bxe2 {[%emt 0:00:43]} 12. Qxe2 {[%emt 0:00:01]} h5 {[%emt 0:00:19]} 13. d3 {[%emt 0:03:56]} g4 {[%emt 0:06:24]} 14. hxg4 {[%emt 0:07:40]} hxg4 {[%emt 0:00:08]} 15. Qxg4 {[%emt 0:00:14]} f5 {[%emt 0:00:24]} 16. Qg3 {[%emt 0:02:51]} e6 {[%emt 0:00:35]} 17. Bf4 {[%emt 0:00:30]} Nf6 {[%emt 0:00:25]} 18. Qe3 {[%emt 0:09:23]} b6 {[%emt 0:08:25]} 19. Rfe1 {[%emt 0:05:19]} Re8 {[%emt 0:00:44]} 20. Be5 {[%emt 0:03:05]} Bd6 {[%emt 0:11:17]} 21. Bxd6 {[%emt 0:05:58]} cxd6 {[%emt 0:00:07]} 22. f3 {[%emt 0:03:09]} Qh7 {[%emt 0:00:55]} 23. Nf1 {[%emt 0:03:33]} Qh1+ 24. Kf2 Rhg8 {[%emt 0:02:18]} 25. Ng3 {[%emt 0:01:15]} Qh4 {[%emt 0:00:18]} 26. Nce2 {[%emt 0:00:23]} Nd5 {[%emt 0:03:08]} 27. Qd4 {[%emt 0:03:04]} f4 {[%emt 0:01:36]} 28. Kg1 {[%emt 0:01:47]} Rxg3 {[%emt 0:01:48]} 29. Nxg3 {[%emt 0:00:52]} Qxg3 {[%emt 0:00:07]} 30. Qf2 {[%emt 0:00:34]} Qg5 {[%emt 0:03:00]} 31. Kf1 {[%emt 0:05:58]} Rh8 {[%emt 0:06:16]} 32. Qg1 {[%emt 0:01:53]} e5 {[%emt 0:02:06]} 33. c4 {[%emt 0:00:35]} Ne3+ {[%emt 0:00:36]} 34. Rxe3 {[%emt 0:00:29]} fxe3 35. Ke2 Rg8 {[%emt 0:00:47]} 36. g4 {[%emt 0:00:05]} Nb7 {[%emt 0:00:56]} 37. Qxe3 {[%emt 0:00:00]} Nc5 {[%emt 0:03:07]} 38. Qxg5 {[%emt 0:00:10]} Rxg5 {[%emt 0:00:06]} 39. Ke3 {[%emt 0:00:11]} Kd7 {[%emt 0:00:34]} 40. Rh1 {[%emt 0:00:01]} Rg7 {[%emt 0:00:29]} 41. d4 {[%emt 0:00:52]} exd4+ 42. Kxd4 Rf7 {[%emt 0:03:10]} 43. Ke3 {[%emt 0:01:17]} Ne6 {[%emt 0:00:37]} 44. Rh5 {[%emt 0:00:26]} Nf4 {[%emt 0:00:34]} 45. Rh6 {[%emt 0:00:59]} Ne6 {[%emt 0:02:19]} 46. Rh5 {[%emt 0:00:05]} Ke7 {[%emt 0:01:07]} 47. Ke4 1/2-1/2

[Event "FRA-ch Youth U18 2018"]
[Site "Agen"]
[Date "2018.04.18"]
[Round "5"]
[White "Joly, Audrey"]
[Black "Lomandong, Noela-Joyce"]
[Result "0-1"]
[WhiteElo "1686"]
[BlackElo "2053"]
[Annotator "NA"]
[PlyCount "92"]
[EventDate "2018.??.??"]
[EventType "swiss"]
[EventCountry "FRA"]
[SourceTitle "playchess.com"]
[Source "ChessBase"]
[SourceQuality "1"]
[TimeControl "5400+30"]

1. e4 {[%emt 0:00:00]} b6 {[%emt 0:00:02]} 2. d4 {[%emt 0:00:10]} Bb7 {[%emt 0:00:04]} 3. Nc3 {[%emt 0:01:09]} e6 {[%emt 0:01:01]} 4. Bd3 {[%emt 0:02:31]} Nf6 {[%emt 0:01:45]} 5. Nge2 {[%emt 0:04:23]} d5 {[%emt 0:04:56] LiveBook: 21 Games} 6. Bg5 {[%emt 0:09:26]} (6. e5 $14 Nfd7 7. Nf4) 6... Be7 {[%emt 0:02:36]} 7. exd5 {[%emt 0:05:29]} Nxd5 {[%emt 0:09:12]} 8. Bxe7 {[%emt 0:01:19]} Qxe7 {[%emt 0:00:46]} 9. Nxd5 {[%emt 0:06:30]} exd5 {[%emt 0:09:20]} 10. O-O {[%emt 0:01:42]} O-O {[%emt 0:01:40]} 11. Re1 $14 {[%emt 0:03:46]} Qg5 {[%emt 0:01:52]} 12. Ng3 {[%emt 0:02:20]} Nd7 {[%emt 0:02:06]} 13. Qh5 {[%emt 0:07:14]} Qxh5 {[%emt 0:01:06]} 14. Nxh5 {[%emt 0:00:05]} Rae8 {[%emt 0:03:16]} 15. Kf1 {[%emt 0:01:43]} g6 {[%emt 0:06:08]} 16. Nf4 {[%emt 0:03:01]} Nf6 {[%emt 0:02:46]} 17. c3 {[%emt 0:05:01]} Ne4 {[%emt 0:07:12]} 18. Re2 {[%emt 0:04:55]} Nd6 {[%emt 0:10:54]} 19. Rae1 {[%emt 0:03:06]} Rxe2 {[%emt 0:03:22]} 20. Rxe2 {[%emt 0:00:26]} Re8 {[%emt 0:01:19]} 21. Rxe8+ {[%emt 0:01:55]} Nxe8 {[%emt 0:00:18]} 22. Ke2 {[%emt 0:01:01]} c5 {[%emt 0:01:57]} 23. Ke3 {[%emt 0:03:08]} Kg7 {[%emt 0:02:16]} 24. f3 {[%emt 0:05:08]} Nd6 {[%emt 0:04:24]} 25. Nh3 {[%emt 0:05:58]} Kf6 {[%emt 0:02:58]} 26. Nf2 {[%emt 0:04:15]} h5 {[%emt 0:02:18]} 27. Nh3 {[%emt 0:03:16]} Bc6 {[%emt 0:06:39]} 28. Kf4 {[%emt 0:03:35]} Bd7 {[%emt 0:04:20]} 29. Nf2 {[%emt 0:01:25]} Bf5 {[%emt 0:00:59]} 30. Ke3 {[%emt 0:01:38]} Be6 {[%emt 0:01:50]} 31. Bf1 {[%emt 0:03:48]} Nf5+ {[%emt 0:00:31]} 32. Kd3 {[%emt 0:00:08]} Bd7 {[%emt 0:00:21]} 33. Kd2 {[%emt 0:01:57]} cxd4 {[%emt 0:00:06]} 34. Nd1 {[%emt 0:01:14]} dxc3+ {[%emt 0:00:40]} 35. Nxc3 {[%emt 0:00:15]} Ke5 {[%emt 0:00:39]} 36. Nb5 {[%emt 0:00:41]} a6 {[%emt 0:00:41]} 37. Nc3 {[%emt 0:00:05]} b5 {[%emt 0:00:27]} 38. a3 {[%emt 0:00:38]} Bc6 {[%emt 0:01:27]} 39. b4 {[%emt 0:01:26]} Nd6 {[%emt 0:00:17]} 40. Bd3 {[%emt 0:00:56]} Nc4+ {[%emt 0:00:11]} 41. Bxc4 {[%emt 0:00:02]} bxc4 {[%emt 0:01:40]} 42. Ne2 {[%emt 0:01:46]} d4 {[%emt 0:00:12]} 43. Nc1 {[%emt 0:00:34]} Kd5 {[%emt 0:00:23]} 44. Ne2 {[%emt 0:01:13]} c3+ {[%emt 0:00:36]} 45. Kc2 {[%emt 0:00:21]} Kc4 {[%emt 0:00:07]} 46. Nc1 {[%emt 0:00:30]} d3+ {[%emt 0:00:30]} 0-1

[Event "FRA-ch Youth U18 2018"]
[Site "Agen"]
[Date "2018.04.18"]
[Round "5"]
[White "Breysse, Astrid"]
[Black "Bauer, Elise"]
[Result "0-1"]
[WhiteElo "1409"]
[BlackElo "1489"]
[Annotator "NA"]
[PlyCount "84"]
[EventDate "2018.??.??"]
[EventType "swiss"]
[EventCountry "FRA"]
[SourceTitle "playchess.com"]
[Source "ChessBase"]
[SourceQuality "1"]
[TimeControl "5400+30"]

1. e4 {[%emt 0:00:00]} e6 {[%emt 0:00:08]} 2. d4 {[%emt 0:00:00]} d5 {[%emt 0:00:08]} 3. e5 {[%emt 0:00:03]} c5 {[%emt 0:00:12]} 4. c3 {[%emt 0:00:13]} Nc6 {[%emt 0:00:12]} 5. Nf3 {[%emt 0:00:24]} Nge7 {[%emt 0:01:57]} 6. Be2 {[%emt 0:02:34]} Ng6 {[%emt 0:01:13]} 7. O-O {[%emt 0:01:19]} Be7 {[%emt 0:01:12]} 8. Re1 {[%emt 0:02:45]} O-O {[%emt 0:00:41]} 9. Nbd2 {[%emt 0:01:14]} cxd4 {[%emt 0:03:13]} 10. cxd4 {[%emt 0:01:19]} Bb4 {[%emt 0:02:11]} 11. a3 {[%emt 0:02:37]} Ba5 {[%emt 0:01:56]} 12. b4 {[%emt 0:00:57]} Bb6 {[%emt 0:01:04]} 13. Bb2 {[%emt 0:00:44]} Bd7 {[%emt 0:03:30]} 14. Rc1 {[%emt 0:02:47]} Rc8 {[%emt 0:00:50]} 15. Nb3 {[%emt 0:02:30]} a6 {[%emt 0:04:42]} 16. Qd2 {[%emt 0:06:53]} a5 {[%emt 0:03:12]} 17. b5 {[%emt 0:01:52]} Na7 {[%emt 0:01:13]} 18. a4 {[%emt 0:00:43]} Bc7 {[%emt 0:02:37]} 19. Nc5 {[%emt 0:06:03]} b6 {[%emt 0:05:52]} 20. Nd3 {[%emt 0:04:17]} f5 {[%emt 0:05:02]} 21. Ng5 {[%emt 0:05:02]} h6 {[%emt 0:06:00]} 22. Nh3 {[%emt 0:02:42]} Be8 {[%emt 0:02:44]} 23. Ba3 {[%emt 0:02:32]} Ne7 {[%emt 0:03:07]} 24. Nhf4 {[%emt 0:03:57]} Qd7 {[%emt 0:02:30]} 25. Bh5 {[%emt 0:01:57]} Bd8 {[%emt 0:06:30]} 26. Re3 {[%emt 0:03:53]} g5 {[%emt 0:02:03]} 27. Rg3 {[%emt 0:02:25]} Kh7 {[%emt 0:02:00]} 28. Bxe8 {[%emt 0:01:53]} Rxe8 {[%emt 0:00:25]} 29. Nh5 {[%emt 0:00:16]} Ng6 {[%emt 0:01:38]} 30. Rxc8 {[%emt 0:01:09]} Qxc8 {[%emt 0:03:04]} 31. Bc1 {[%emt 0:00:50]} Be7 {[%emt 0:04:09]} 32. h3 {[%emt 0:05:36]} Qc7 {[%emt 0:02:27]} 33. f4 {[%emt 0:01:37]} Rc8 {[%emt 0:01:32]} 34. fxg5 {[%emt 0:02:09]} hxg5 {[%emt 0:05:08]} 35. Nf6+ {[%emt 0:00:54]} Bxf6 {[%emt 0:01:41]} 36. h4 {[%emt 0:04:22]} Nxh4 {[%emt 0:09:54]} 37. Rh3 {[%emt 0:00:16]} Bd8 {[%emt 0:02:15]} 38. g3 {[%emt 0:02:44]} g4 {[%emt 0:02:05]} 39. Rxh4+ {[%emt 0:01:20]} Bxh4 {[%emt 0:00:24]} 40. gxh4 {[%emt 0:01:05]} Qg7 {[%emt 0:03:04]} 41. Nf4 {[%emt 0:02:58]} Qh6 {[%emt 0:01:18]} 42. Nxd5 {[%emt 0:00:54]} Rxc1+ {[%emt 0:00:32]} 0-1

[Event "FRA-ch Youth U18 2018"]
[Site "Agen"]
[Date "2018.04.19"]
[Round "6"]
[White "Burri, Quentin"]
[Black "Mohammad, Fahim"]
[Result "*"]
[WhiteElo "2405"]
[BlackElo "2355"]
[Annotator "TA"]
[PlyCount "19"]
[EventDate "2018.??.??"]
[EventType "swiss"]
[EventCountry "FRA"]
[SourceTitle "playchess.com"]
[Source "ChessBase"]
[SourceQuality "1"]

{[%evp 9,19,16,16,28,47,25,51,41,49,49,98,86]} 1. e4 c5 2. Nf3 e6 3. Be2 Nc6 4. O-O d5 (4... Nf6 5. Nc3 d5 6. exd5 Nxd5 7. b3 Be7 8. Bb2 O-O 9. Re1 Bf6 10. Qc1 Nxc3 11. dxc3 b6 12. Qe3 Bb7 13. Rad1 Qc7 14. Bd3 Rad8 {1-0 (37) McShane,L (2670)-Laznicka,V (2666) Germany 2015}) 5. exd5 exd5 6. d4 {B40: Sicilian: 2...e6, Unusual lines} Bd6 7. Be3 $146 ({Predecessor:} 7. dxc5 Bxc5 8. Nc3 Nge7 9. Bf4 a6 10. Qd2 O-O 11. a3 Be6 12. Rad1 Qd7 13. Ne5 Nxe5 14. Bxe5 {½-½ (27) Boric,E (2182)-Abdulla,K (2299) Sharjah 2014}) 7... cxd4 8. Bxd4 Nge7 9. Bxg7 Rg8 10. Bf6 *

[Event "FRA-ch Youth U18 2018"]
[Site "Agen"]
[Date "2018.04.19"]
[Round "6"]
[White "Willems, Niels"]
[Black "Kieffer, Anatole"]
[Result "*"]
[WhiteElo "2256"]
[BlackElo "2146"]
[Annotator "TA"]
[PlyCount "27"]
[EventDate "2018.??.??"]
[EventType "swiss"]
[EventCountry "FRA"]
[SourceTitle "playchess.com"]
[Source "ChessBase"]
[SourceQuality "1"]

{[%evp 12,27,58,40,97,97,100,96,93,102,98,101,97,79,68,52,92,44]} 1. c4 Nf6 2. Nc3 b6 3. e4 {[%cal Be2e4,Be4e5][%mdl 32]} d6 4. g3 Bb7 5. Bg2 c5 6. Nge2 e6 7. O-O {LiveBook: 25 Games. A34: Symmetrical English: 2 Nc3, lines with ...d5} Be7 ({Better is} 7... e5 $14) (7... Nbd7 8. d3 g6 9. h3 Bg7 10. e5 Bxg2 11. exf6 Bxf1 12. fxg7 Rg8 13. Qxf1 Rxg7 14. h4 Ne5 {1-0 (78) Harika,D (2504)-Paehtz,E (2464) Huaian 2017}) 8. e5 $16 Bxg2 9. exf6 Bxf1 10. fxe7 Qxe7 {[#] Strongly threatening ...Bxe2.} 11. Qxf1 {Threatens to win with Qg2.} Nc6 12. Qg2 Rc8 13. b3 O-O 14. Bb2 $146 ({Predecessor:} 14. Ba3 Rfd8 {1-0 (29) Trifonov,J (1789)-Morgachev,S (1688) Samara 2015}) *

[Event "FRA-ch Youth U18 2018"]
[Site "Agen"]
[Date "2018.04.19"]
[Round "6"]
[White "Lutard, Theo"]
[Black "O'Sullivan, Thomas"]
[Result "*"]
[WhiteElo "2224"]
[BlackElo "2291"]
[Annotator "TA"]
[PlyCount "34"]
[EventDate "2018.??.??"]
[EventType "swiss"]
[EventCountry "FRA"]
[SourceTitle "playchess.com"]
[Source "ChessBase"]
[SourceQuality "1"]

{[%evp 20,34,10,4,13,16,20,8,8,14,74,0,0,0,0,0,0]} 1. e4 c5 2. Nf3 e6 3. d4 cxd4 4. Nxd4 Nc6 5. Nc3 Qc7 6. f4 a6 7. Nxc6 bxc6 8. Bd3 d5 9. O-O Nf6 10. Qe2 Be7 {B46: Sicilian: Taimanov: 5 Nc3 a6} 11. Bd2 {LiveBook: 29 Games} a5 (11... O-O 12. Rae1 Re8 13. Kh1 Bf8 14. e5 Nd7 15. Na4 g6 16. c4 Nc5 17. Nxc5 Bxc5 18. Rc1 {1-0 (44) Sutovsky,E (2673)-Pichot,A (2552) Caleta 2018}) 12. Kh1 O-O 13. Rae1 $146 ({Predecessor:} 13. e5 Nd7 14. Qh5 f5 15. exf6 Nxf6 16. Qe2 Bd7 17. Rae1 Bd6 18. Qf2 {½-½ (39) Jakovljev,Z (2284)-Lasota,A (1951) Milanowek 2014}) 13... d4 14. Na4 e5 (14... c5 $11 {remains equal.}) 15. f5 ({Better is} 15. fxe5 $16 Ng4 16. Bf4 Nxe5 17. Bxe5 Qxe5 18. Nb6) 15... c5 {The position is equal.} 16. b3 Bb7 17. Nb2 {[#]} a4 $1 {[%mdl 512]} *

[Event "FRA-ch Youth U18 2018"]
[Site "Agen"]
[Date "2018.04.19"]
[Round "6"]
[White "Heliot, Xabi"]
[Black "Lafortune, Emerick"]
[Result "1/2-1/2"]
[WhiteElo "2160"]
[BlackElo "2112"]
[Annotator "NA"]
[PlyCount "91"]
[EventDate "2018.??.??"]
[EventType "swiss"]
[EventCountry "FRA"]
[SourceTitle "playchess.com"]
[Source "ChessBase"]
[SourceQuality "1"]
[TimeControl "5400+30"]

1. Nf3 {[%emt 0:00:00]} c5 {[%emt 0:02:22]} 2. c4 {[%emt 0:00:00]} Nc6 {[%emt 0:00:10]} 3. Nc3 {[%emt 0:00:12]} e5 {[%emt 0:00:09]} 4. g3 {[%emt 0:02:46]} g6 {[%emt 0:00:14]} 5. Bg2 {[%emt 0:00:08]} Bg7 {[%emt 0:00:07]} 6. O-O {[%emt 0:04:20]} Nge7 {[%emt 0:00:10]} 7. Rb1 {[%emt 0:03:01]} O-O {[%emt 0:02:48]} 8. a3 {[%emt 0:00:28]} a5 {[%emt 0:00:53]} 9. Ne1 {[%emt 0:07:20]} d6 {[%emt 0:01:48]} 10. Nc2 {[%emt 0:00:32]} Be6 {[%emt 0:00:44] LiveBook: 128 Games} 11. Ne3 {[%emt 0:02:04] A37: Symmetrical English vs ...g6: 4 Bg2 Bg7 5 Nf3} f5 {[%emt 0:05:59]} 12. d3 {[%emt 0:08:35]} Bf7 {[%emt 0:20:04]} 13. Ned5 {[%emt 0:02:29]} Nxd5 {[%emt 0:15:21]} 14. Nxd5 {[%emt 0:01:16] [#]} a4 $146 {[%emt 0:00:51]} ({Find the theoretical novelty and annotate with similar games:} 14... Rb8 15. Bd2 Kh8 16. b4 axb4 17. axb4 cxb4 18. Nxb4 Nxb4 19. Rxb4 {½-½ (31) Kryakvin,D (2539)-Shaposhnikov,E (2550) Voronezh 2007}) 15. e3 {[%emt 0:12:19]} Ne7 {[%emt 0:05:33]} 16. Nc3 {[%emt 0:04:34]} Qd7 {[%emt 0:03:24]} 17. b3 {[%emt 0:01:51]} axb3 {[%emt 0:04:04]} 18. Qxb3 {[%emt 0:01:30]} Rab8 {[%emt 0:00:27]} 19. Bd2 {[%emt 0:06:06]} b6 {[%emt 0:03:41]} 20. Qa4 {[%emt 0:04:23]} Rfd8 {[%emt 0:01:32]} 21. Qxd7 {[%emt 0:21:44]} Rxd7 22. e4 {[%emt 0:02:29]} h6 {[%emt 0:16:51]} 23. f3 {[%emt 0:01:21]} Nc6 {[%emt 0:06:43]} 24. Nb5 {[%emt 0:04:13]} Be6 {[%emt 0:04:40]} 25. Rb2 {[%emt 0:02:39]} Nd4 {[%emt 0:03:37]} 26. Nxd4 {[%emt 0:01:13]} exd4 {[%emt 0:00:06]} 27. Rfb1 {[%emt 0:01:39]} fxe4 {[%emt 0:00:19]} 28. fxe4 {[%emt 0:00:09]} Ra8 {[%emt 0:00:21]} 29. Rb3 {[%emt 0:03:16]} b5 {[%emt 0:00:56]} 30. Rxb5 {[%emt 0:00:08]} Rxa3 {[%emt 0:00:07]} 31. R5b3 {[%emt 0:00:42]} Rxb3 {[%emt 0:00:36]} 32. Rxb3 {[%emt 0:00:05]} g5 {[%emt 0:00:44]} 33. Rb8+ {[%emt 0:01:02]} Kf7 {[%emt 0:00:37]} 34. Bf3 {[%emt 0:00:41]} Kg6 {[%emt 0:00:40]} 35. Rb6 {[%emt 0:01:24]} Be5 {[%emt 0:00:26]} 36. Be2 {[%emt 0:00:28]} ({White should play} 36. Rb5 $15) 36... Ra7 {[%emt 0:00:26]} 37. Rb2 {[%emt 0:00:23]} Bh3 {[%emt 0:00:41]} 38. Kf2 {[%emt 0:00:45]} Ra1 {[%emt 0:00:18]} 39. Be1 {[%emt 0:00:10]} h5 {[%emt 0:00:38]} 40. Bf1 {[%emt 0:00:22]} Be6 {[%emt 0:00:27]} 41. Ke2 {[%emt 0:00:56]} Bg4+ {[%emt 0:00:38]} 42. Kf2 {[%emt 0:00:12]} h4 $17 {[%emt 0:00:15]} 43. Be2 {[%emt 0:00:55]} Be6 {[%emt 0:00:37]} 44. Bd2 {[%emt 0:00:29]} h3 {[%emt 0:00:39]} 45. Bf1 {[%emt 0:00:36]} Bg4 {[%emt 0:00:12]} 46. Be1 1/2-1/2

[Event "FRA-ch Youth U18 2018"]
[Site "Agen"]
[Date "2018.04.19"]
[Round "6"]
[White "Lomandong, Noela-Joyce"]
[Black "Rollot, Florence"]
[Result "1-0"]
[WhiteElo "2053"]
[BlackElo "2042"]
[Annotator "NA"]
[PlyCount "87"]
[EventDate "2018.??.??"]
[EventType "swiss"]
[EventCountry "FRA"]
[SourceTitle "playchess.com"]
[Source "ChessBase"]
[SourceQuality "1"]
[TimeControl "5400+30"]

1. c4 {[%emt 0:00:00]} Nf6 {[%emt 0:00:32]} 2. g3 {[%emt 0:00:00]} c5 {[%emt 0:00:07]} 3. Bg2 {[%emt 0:00:00]} g6 {[%emt 0:00:26]} 4. Nc3 {[%emt 0:00:00]} Nc6 {[%emt 0:00:15]} 5. e3 {[%emt 0:02:44]} Bg7 {[%emt 0:02:21]} 6. Nge2 {[%emt 0:01:27]} O-O {[%emt 0:03:26]} 7. d4 {[%emt 0:03:58]} cxd4 {[%emt 0:02:32]} 8. Nxd4 {[%emt 0:00:13]} Ne5 {[%emt 0:02:21]} 9. b3 {[%emt 0:01:21]} d6 {[%emt 0:02:23]} 10. h3 {[%emt 0:01:03]} a6 {[%emt 0:03:18]} 11. Bb2 {[%emt 0:03:07]} Rb8 {[%emt 0:08:33]} 12. O-O {[%emt 0:08:42]} Bd7 {[%emt 0:16:06]} 13. Qe2 {[%emt 0:15:05]} Qc8 {[%emt 0:07:13]} 14. Kh2 {[%emt 0:00:23]} Nc6 {[%emt 0:07:00]} 15. Rac1 {[%emt 0:16:05]} Nxd4 {[%emt 0:05:25]} 16. exd4 {[%emt 0:00:02]} e6 {[%emt 0:01:20]} 17. Rfd1 {[%emt 0:11:59]} Qc7 {[%emt 0:05:08]} 18. Na4 {[%emt 0:07:19]} Bxa4 {[%emt 0:05:47]} 19. bxa4 {[%emt 0:00:01]} Qa5 {[%emt 0:05:50]} 20. Qc2 {[%emt 0:02:21]} Bh6 {[%emt 0:03:11]} 21. Bc3 {[%emt 0:03:24]} Qc7 {[%emt 0:01:48]} 22. Bd2 {[%emt 0:00:14]} Bg7 {[%emt 0:05:42]} 23. Qb3 {[%emt 0:06:51]} Nh5 {[%emt 0:04:33]} 24. Bb4 {[%emt 0:01:29]} Rfe8 {[%emt 0:01:50]} 25. d5 {[%emt 0:03:17]} b6 {[%emt 0:02:38]} 26. Qa3 {[%emt 0:03:13]} Rbd8 {[%emt 0:00:38]} 27. a5 {[%emt 0:02:53]} Rd7 {[%emt 0:01:35]} 28. axb6 {[%emt 0:00:46]} Qxb6 {[%emt 0:00:05]} 29. c5 {[%emt 0:00:17]} dxc5 {[%emt 0:00:26]} 30. Bxc5 {[%emt 0:00:11]} Qb5 {[%emt 0:01:38]} 31. Bf1 {[%emt 0:01:11]} Qb8 {[%emt 0:00:51]} 32. Rb1 {[%emt 0:01:26]} Qe5 {[%emt 0:00:40]} 33. d6 {[%emt 0:02:02]} Rc8 {[%emt 0:00:30]} 34. Rbc1 {[%emt 0:00:31]} Qb2 {[%emt 0:00:48]} 35. Bxa6 Ra8 {[%emt 0:00:30]} 36. Qxb2 {[%emt 0:02:47]} Bxb2 {[%emt 0:00:01]} 37. Bb5 {[%emt 0:00:43]} Rdd8 {[%emt 0:00:59]} 38. Rb1 {[%emt 0:00:36]} Rxa2 {[%emt 0:00:30]} 39. Bc4 {[%emt 0:00:09]} Ra4 {[%emt 0:00:32]} 40. Bb3 {[%emt 0:00:29]} Ra5 {[%emt 0:00:27]} 41. Bb6 {[%emt 0:00:12]} Rb5 {[%emt 0:00:32]} 42. Bxd8 {[%emt 0:00:06]} Rxb3 {[%emt 0:00:04]} 43. Be7 {[%emt 0:01:08]} Rb8 {[%emt 0:00:53]} 44. d7 {[%emt 0:00:07]} 1-0

[Event "FRA-ch Youth U18 2018"]
[Site "Agen"]
[Date "2018.04.19"]
[Round "6"]
[White "Salvador, Lucie"]
[Black "Milroy, Melena"]
[Result "1-0"]
[WhiteElo "1955"]
[BlackElo "1718"]
[Annotator "NA"]
[PlyCount "83"]
[EventDate "2018.??.??"]
[EventType "swiss"]
[EventCountry "FRA"]
[SourceTitle "playchess.com"]
[Source "ChessBase"]
[SourceQuality "1"]
[TimeControl "5400+30"]

1. d4 {[%emt 0:00:00]} f5 {[%emt 0:00:46]} 2. g3 {[%emt 0:00:27]} Nf6 {[%emt 0:00:32]} 3. Bg2 {[%emt 0:00:50]} e6 {[%emt 0:00:25]} 4. Nf3 {[%emt 0:02:12]} Be7 {[%emt 0:00:08]} 5. O-O {[%emt 0:00:28]} O-O {[%emt 0:00:03]} 6. c4 {[%emt 0:06:23]} d6 {[%emt 0:00:16]} 7. e3 {[%emt 0:07:51]} Nbd7 {[%emt 0:00:32]} 8. Nc3 {[%emt 0:03:43]} Ne4 {[%emt 0:00:24]} 9. Qc2 {[%emt 0:05:57]} Nxc3 {[%emt 0:00:15]} 10. bxc3 {[%emt 0:02:35]} Nf6 {[%emt 0:00:29]} 11. Rb1 {[%emt 0:03:18]} Qe8 $11 {[%emt 0:01:18]} 12. Ba3 {[%emt 0:11:55]} Qh5 {[%emt 0:17:38]} 13. d5 {[%emt 0:05:46]} e5 {[%emt 0:03:25]} 14. Nxe5 {[%emt 0:09:58]} f4 {[%emt 0:05:02]} 15. exf4 {[%emt 0:08:31]} dxe5 {[%emt 0:08:56]} 16. Bxe7 {[%emt 0:00:30]} Bf5 {[%emt 0:00:22]} 17. Qd1 {[%emt 0:03:37]} Bxb1 {[%emt 0:07:50]} 18. Qxb1 {[%emt 0:04:15]} exf4 {[%emt 0:18:08]} 19. Bxf8 {[%emt 0:06:30]} Rxf8 {[%emt 0:00:09]} 20. f3 {[%emt 0:00:45]} fxg3 {[%emt 0:04:49]} 21. hxg3 {[%emt 0:00:02]} Qe5 {[%emt 0:00:26]} 22. Qe1 {[%emt 0:00:27]} Qg5 {[%emt 0:01:52]} 23. Bh3 {[%emt 0:05:37]} Re8 {[%emt 0:04:34]} 24. Be6+ {[%emt 0:02:06]} Kh8 {[%emt 0:00:11]} 25. f4 {[%emt 0:00:40]} Qg6 {[%emt 0:00:37]} 26. Rf3 {[%emt 0:01:01]} Qc2 {[%emt 0:05:10]} 27. Qf2 {[%emt 0:02:56]} Qc1+ {[%emt 0:00:10]} 28. Kg2 {[%emt 0:00:21]} Qa3 {[%emt 0:00:18]} 29. Qc2 {[%emt 0:01:52]} Qd6 {[%emt 0:01:53]} 30. g4 {[%emt 0:02:02]} c6 {[%emt 0:08:29]} 31. Qf5 {[%emt 0:01:01]} Rf8 {[%emt 0:02:54]} 32. Qe5 {[%emt 0:01:07]} Qa3 {[%emt 0:03:49]} 33. Rf2 {[%emt 0:00:06]} cxd5 {[%emt 0:01:24]} 34. cxd5 {[%emt 0:00:11]} Re8 {[%emt 0:01:14]} 35. Qd4 {[%emt 0:01:49]} Qa5 {[%emt 0:02:56]} 36. g5 {[%emt 0:00:31]} Ng8 {[%emt 0:00:26]} 37. f5 {[%emt 0:00:28]} Qd8 {[%emt 0:00:16]} 38. f6 {[%emt 0:00:25]} Qc7 {[%emt 0:00:53]} 39. f7 {[%emt 0:00:35]} Rf8 {[%emt 0:00:30]} 40. fxg8=Q+ {[%emt 0:00:10]} Rxg8 {[%emt 0:00:05]} 41. Bxg8 {[%emt 0:00:12]} Kxg8 {[%emt 0:00:05]} 42. Qf4 {[%emt 0:00:16]} 1-0